Britain observed : 1945 to the present day : readings in contemporary British history and civilisation for students of English

Αποθηκεύτηκε σε:
Λεπτομέρειες βιβλιογραφικής εγγραφής
Άλλοι συγγραφείς: Harrison, Brian, 1934- (Επιμελητής έκδοσης)
Μορφή: Βιβλίο
Γλώσσα:English
Δημοσίευση: Worcester : Athens : European Schoolbooks Publishing ;, The English School Book, c1986
Θέματα:
Ετικέτες: Προσθήκη ετικέτας
Δεν υπάρχουν, Καταχωρήστε ετικέτα πρώτοι!

MARC

LEADER 00000cam a2200000 i 4500
001 1/58234
008 020212s1986 eng d
020 |z 0-85048-031-X 
035 |l 10000296 
040 |a GR-MY-UA  |b gre  |e aacr 
041 0 |a eng 
082 0 |a 428.43  |2 (21) 
245 1 0 |a Britain observed :  |b 1945 to the present day : readings in contemporary British history and civilisation for students of English /  |c edited with exercises and glossary by Brian Harrison ; additional text by Colin Cross and members of the Observer staff 
260 |a Worcester :   |a Athens :   |b European Schoolbooks Publishing ;,   |b The English School Book,   |c c1986 
300 |a 191 p.;  |b ill.;  |c 15 cm. 
650 0 0 |a English language  |v Textbooks for foreign speakers. 
650 0 0 |a English language  |x Study and teaching  |x Foreign speakers. 
650 0 0 |a Reading comprehension. 
700 1 |a Harrison, Brian,   |d 1934-  |4 edt 
700 1 |a Cross, Colin.  |4 oth 
852 |a INST  |b SYROS  |e 20020212  |h 428.43 BRI  |p 005500000648  |q 005500000648  |t BK  |y 0 
901 |a BIBL5-2002-1 
909 |a Ε  |b 088831 
970 |a ΚΡΗΤΙΚΟΥ  |b ΘΩΜΑΙΣ  |z 2002/02/12